000 00597nam a22001937a 4500
005 20251108164021.0
008 250721s1967 xx 000 0 ara d
082 1 4 _a320.973/راس
100 1 _aراسل، برتراند
245 1 0 _aجرائم الحرب الأمريكية /
264 1 _aالقاهرة :
_bالمؤسسة العامة،
_c1967.
300 _a213ص
650 1 7 _aالولايات المتحدة
650 1 7 _aالسياسة
650 1 7 _aالإستعمار الأمريكي
700 1 _aالمهدوي، إسماعيل
_eترجمة
942 _2ddc
_cBK
999 _c1507
_d1507